Normal view MARC view
  • Napoleon

Entry Personal Name

Number of records used in: 0

001 - CONTROL NUMBER

  • control field: 79749

003 - CONTROL NUMBER IDENTIFIER

  • control field: KE-NaSUL

005 - DATE AND TIME OF LATEST TRANSACTION

  • control field: 20250825170315.0

008 - FIXED-LENGTH DATA ELEMENTS

  • fixed length control field: 250825|| aca||aabn | a|a d

040 ## - CATALOGING SOURCE

  • Original cataloging agency: KE-NaSUL
  • Transcribing agency: KE-NaSUL

100 ## - HEADING--PERSONAL NAME

  • Personal name: Napoleon
  • Numeration: III,
  • Titles and other words associated with a name: Emperor of the French,
  • Dates associated with a name: 1808-1873

670 ## - SOURCE DATA FOUND

  • Source citation: Work cat.: (KE-NaSUL)54271: Marx, Karl, 1818-1883. 31725, The 18th Brumaire of Louis Bonaparte, c2001.

© Strathmore University Library
Madaraka Estate, Ole Sangale Road | P. O. Box 59857 - 00200 City Square, Nairobi, Kenya
(+254) (0)703 034 000/200/300 | (+254) (0)20-607498